Advertising As a Creative Industry : Regime of Paradoxes.

At the crossroads of culture and commerce, the advertising industry is a regime of paradoxes. This book examines the place of advertising in today's creative industries, exploring the major challenges advertisers confront as they engage with other creative sectors.

Bibliographic Details
Main Author: Derda, Izabela.
Format: eBook
Language:English
Published: Milton : Taylor & Francis Group, 2023.
Edition:1st ed.
Series:Routledge Research in the Creative and Cultural Industries Series
Subjects:
Online Access:Click to View
LEADER 01886nam a22003973i 4500
001 EBC7269824
003 MiAaPQ
005 20231204023229.0
006 m o d |
007 cr cnu||||||||
008 231204s2023 xx o ||||0 eng d
020 |a 9781000970456  |q (electronic bk.) 
020 |z 9781032203010 
035 |a (MiAaPQ)EBC7269824 
035 |a (Au-PeEL)EBL7269824 
035 |a (OCoLC)1395191140 
040 |a MiAaPQ  |b eng  |e rda  |e pn  |c MiAaPQ  |d MiAaPQ 
082 0 |a 659.1/042 
100 1 |a Derda, Izabela. 
245 1 0 |a Advertising As a Creative Industry :  |b Regime of Paradoxes. 
250 |a 1st ed. 
264 1 |a Milton :  |b Taylor & Francis Group,  |c 2023. 
264 4 |c Ã2024. 
300 |a 1 online resource (103 pages) 
336 |a text  |b txt  |2 rdacontent 
337 |a computer  |b c  |2 rdamedia 
338 |a online resource  |b cr  |2 rdacarrier 
490 1 |a Routledge Research in the Creative and Cultural Industries Series 
520 |a At the crossroads of culture and commerce, the advertising industry is a regime of paradoxes. This book examines the place of advertising in today's creative industries, exploring the major challenges advertisers confront as they engage with other creative sectors. 
588 |a Description based on publisher supplied metadata and other sources. 
590 |a Electronic reproduction. Ann Arbor, Michigan : ProQuest Ebook Central, 2023. Available via World Wide Web. Access may be limited to ProQuest Ebook Central affiliated libraries.  
655 4 |a Electronic books. 
776 0 8 |i Print version:  |a Derda, Izabela  |t Advertising As a Creative Industry  |d Milton : Taylor & Francis Group,c2023  |z 9781032203010 
797 2 |a ProQuest (Firm) 
830 0 |a Routledge Research in the Creative and Cultural Industries Series 
856 4 0 |u https://ebookcentral.proquest.com/lib/matrademy/detail.action?docID=7269824  |z Click to View